Pointercrate Demon List (5.11.23 Updated) - Statistics

General Stats
  • This quiz has been taken 15 times
    14 since last reset
  • The average score is 38 of 150
Answer Stats
# Publisher / Verifier Level % Correct
1 ryamu / Zoink Acheron
100%
2 PockeWindfish / Zoink Avernus
100%
6 Exen / Cursed Abyss of Darkness
88%
8 Trick Firework
88%
49 Luqualizer Silent Club
88%
3 TheRealSailent / zoe Silent Clubstep
88%
4 icedcave / Doggie Slaughterhouse
88%
74 Endlevel / npesta Deimos
75%
28 npesta Kenos
75%
5 {出見塩} Kyouki
75%
10 MindCap / BGram LIMBO
75%
9 CDMusic / Varium MINUSdry
75%
11 btLisp / Kyasshukodo poocubed
75%
7 Diamond Sakupen Circles
75%
115 Sunix Sonic Wave
75%
19 APTeamOfficial / Xanii Sonic Wave Infinity
75%
20 Dolphy Tartarus
75%
12 ultracauaHD arcturus
63%
61 knobbelboy Bloodlust
63%
22 BoBoBoBoBoBoBo / nSwish The Golden
63%
34 Atomic Thinking Space
63%
21 SyQual / Baeru Trueffet
63%
23 Renn241 / iliLaSeRili walter white
63%
41 TrueOmega / rWooshi Crimson Planet
50%
107 Renn241 / Acratic Gustavo Fring
50%
18 LordVadercraft Mayhem
50%
76 MindCap / Technical Sigma
50%
114 Serponge / Moosh Sonic Wave Rebirth
50%
38 icedcave / Cursed SUPERHATEMEWORLD
50%
13 SyQual /VoTcHi The Hallucination
50%
17 NineDice / Diamond UNKNOWN
50%
129 TrusTa / Dragoon Yatagarasu
50%
26 Bianox / Technical Zodiac
50%
51 VoTcHi Akashic Records
38%
75 Metalface221 Arctic Lights
38%
44 para / Kapinapi Cold Sweat
38%
62 Presta / Floofle Congregation
38%
14 CDMusic / Polterghast Edge of Destiny
38%
146 Boldstep Erebus
38%
106 MindCap / Technical Gamma
38%
16 Komp / Varium Hard Machine
38%
64 Renn241 / Comlayze Jesse Pinkman
38%
81 Gablor kowareta
38%
47 CairoX / rWooshi Lucid Nightmares
38%
79 SrGuillester Nhelv
38%
67 theParadoxTeam / Zeronium no jokes
38%
15 dice88 Oblivion
38%
104 MindCap / xander Omega
38%
55 knobbelboy / Technical Ragnarok
38%
40 Kugelblitz / Spamdrew128 SARY NEVER CLEAR
38%
77 Dorami The Yandere
38%
100 HelpegasuS / VaporWubz Wasureta
38%
27 Endlevel / Doggie Aerial Gleam
25%
143 robotchief / Prolix BRKMGB8GJCZ
25%
45 Endlevel / nSwish Cognition
25%
46 APTeamOfficial / DoSh7t Cosmic Cyclone
25%
116 ViPriN / Technical Cybernetic Crescent
25%
39 Endlevel / vaen Fragile
25%
139 Teno Kuzureta
25%
112 ZephiroX / MrSpaghetti Macabre
25%
58 Platnuu / RG Omega Interface
25%
87 Zeostar Plasma Pulse Finale
25%
33 Endlevel / RicoLP Promethean
25%
42 nikroplays / rori Renevant
25%
48 neigefeu / Keir RUST
25%
50 ItzKiba / kiseta Shardscapes
25%
71 mbed / kyoto The Art of the Blade
25%
59 Ka1ns / Dolphy The Rupture
25%
78 para / vinny untitled unmastered
25%
25 Nisha Verdant Landscape
25%
133 KrmaL xo
25%
70 Exen / Kotamon Aronia
13%
65 Exen / Atomic Asterios
13%
85 Lieb / Zeronium ATOMIC CANNON
13%
43 Walroose / swiborg Calculator Core
13%
132 Cersia Cersia Difficult
13%
144 Cersia Cersia Madness
13%
68 VARSE CITRA
13%
147 TeamSmokeWeed / Dorami Delebit Oblivio
13%
56 GrenadeofTacos / BGram Descent Into Exile
13%
37 SyQual / Baeru Esfera
13%
86 TrueParadoxTeam / khrizmass Frozen Cave
13%
134 Pennutoh / Mullsy Generic Wave
13%
60 Armadeus / nSwish Kappa
13%
31 ItsHybrid / Crisis Keres
13%
36 StarkytheSalad / BrianTheBurger Lotus Flower
13%
145 Galaxxyss / Zeronium MISFIRE
13%
83 ViPriN / Technical Ouroboros
13%
73 Seturan Pagoda
13%
35 GhostVandalf / Franzy qoUEO
13%
63 Zeptrus / skycrab Sazerix
13%
29 Yuko / Baeru Shukketsu
13%
24 Wahffle / DarkTD Sinister Silence
13%
96 MzeroGD / Johnfree Sparkling
13%
135 TCTeam / MrDash Titan Complex
13%
84 Krampux / Seturan Visible Ray
13%
82 Eridani / Denni AKIRA
0%
93 Endlevel / kyoto Aquatic Auroras
0%
90 Awedsy / Kurumi Calamity
0%
88 Renn241 / waturn Chroma Finale
0%
110 DreamZoneGD ConTroller
0%
32 Zeniux / hstorm Critical Heat
0%
124 royen Dedohexdragon
0%
52 ryli06 / SwordBx DIRECTIONS
0%
128 kiseta Edge of the Blade
0%
102 L4tezk Edge of the World
0%
113 Swib / Bibu ELLIPSISM
0%
98 Rainstorm / nSwish Eternal Moment
0%
92 Cersia / TGM05 Fragmented
0%
121 Nightning / Matter GONER
0%
72 Nindy / vaen Gracefully
0%
101 iliViRuZili / joeingly Hyper Paracosm
0%
138 icedcave / Spamdrew128 Icotact
0%
117 Flukester / skycrab Infinite Iniquity
0%
127 EternaswipVMAX / zoe Iris of a Puppeteer
0%
69 HangerLord / Helix Knights of Thunder
0%
57 Moffe / WSCKR Launchpad Labyrinth
0%
99 Nerhy / DTDom Loochiverse
0%
54 hechie / LunarSpark LUMINA
0%
141 ImMaxX1 / Dan2D memories
0%
122 Nimbus Mirrored Calamity
0%
103 Janucha / Lipton Molten Core
0%
118 knobbelboy Molten Gear
0%
126 TGI Necromancer
0%
97 recillia / joeingly Neon Skyline
0%
30 Jenkins GD / AeonAir NEUTRA
0%
150 YakobNugget Nightshade
0%
136 Szilu / Wolvez Nunri
0%
120 Renn241 / Pi Guy of Ambrosia
0%
80 {出見塩} Ourwa
0%
140 HeroZombie80 / Skipper Quantum Theory
0%
137 nSwish Rage
0%
111 Acute / Zeronium RANDOM ACCESS MEMORY
0%
95 Zylenox Requiem
0%
148 TheBlackHell / Angel Retention Rush
0%
142 rose; rosedynamix
0%
53 Surjaco / vaen RUTHLESS
0%
125 Dreamlight Ryft
0%
123 Rainstorm Sephiroth
0%
119 Renn241 / Zipi Shmarley Ville
0%
105 OliSW / MiniShoey Shutdown
0%
109 Awedsy / nac Sink
0%
108 DiamondSplash / Eclipsed Spacial Rend
0%
91 Temp Spectrum Cyclone
0%
94 Nimbus / Ozzy Storming Summit
0%
89 Zeniux / maxis044 SZYSLAK
0%
66 VulgarisAerae / Laniakea Terminux
0%
131 TheLasaga / nac The Hell Nutz
0%
149 Kyhros / Teno The Reaper
0%
130 MinYong / Mulpan X0
0%
No matching quizzes found
Score Distribution
Percent of People with Each Score
Percentile by Number Answered
Your Score History
You have not taken this quiz since the last reset